NFL 4th Overall Draft Picks - Statistics

General Stats
  • This quiz has been taken 35 times
  • The average score is 9 of 25
Answer Stats
Team Year Answer % Correct
ARI 2024 Marvin Harrison Jr.
96%
IND 2023 Anthony Richardson
89%
ATL 2021 Kyle Pitts
82%
NYJ 2022 Sauce Gardner
75%
NYG 2020 Andrew Thomas
57%
OAK 2019 Clelin Ferrell
46%
PHI 2013 Lane Johnson
43%
OAK 2015 Amari Cooper
39%
CLE 2018 Denzel Ward
39%
DAL 2016 Ezekiel Elliott
39%
BUF 2002 Mike Williams
39%
WSH 2010 Trent Williams
39%
JAX 2017 Leonard Fournette
36%
CIN 2011 A.J. Green
29%
NYG 2004 Phillip Rivers
29%
BUF 2014 Sammy Watkins
29%
CIN 2001 Justin Smith
25%
NYJ 2006 D'Brickashaw Ferguson
18%
CHI 2005 Cedric Benson
11%
OAK 2008 Darren McFadden
11%
TB 2007 Gaines Adams
11%
SEA 2009 Aaron Curry
7%
MIN 2012 Matt Kalil
7%
CIN 2000 Peter Warrick
7%
NYJ 2003 Dewayne Robertson
4%
No matching quizzes found
Score Distribution
Percent of People with Each Score
Percentile by Number Answered
Your Score History
You have not taken this quiz